La Única Esperanza (Registro nro. 2024)

Detalles MARC
000 -LEADER
fixed length control field 00895nam a22001937a 4500
003 - CONTROL NUMBER IDENTIFIER
control field OSt
005 - DATE AND TIME OF LATEST TRANSACTION
control field 20260312122213.0
008 - FIXED-LENGTH DATA ELEMENTS--GENERAL INFORMATION
fixed length control field 260312b |||||||| |||| 00| 0 spa d
020 ## - INTERNATIONAL STANDARD BOOK NUMBER
International Standard Book Number 9789877010862
082 ## - DEWEY DECIMAL CLASSIFICATION NUMBER
Edition number 9789877010862
100 ## - MAIN ENTRY--PERSONAL NAME
Personal name ALEJANDRO BULLÓN
245 ## - TITLE STATEMENT
Title La Única Esperanza
250 ## - EDITION STATEMENT
Edition statement 1ra edición
260 ## - PUBLICATION, DISTRIBUTION, ETC.
Place of publication, distribution, etc. ACES
Name of publisher, distributor, etc. 2013
520 ## - SUMMARY, ETC.
Summary, etc. Sentido de vida: Explora cómo superar el vacío interior y la falta de propósito.<br/>Problemas cotidianos: Aborda temas como la ansiedad, el miedo, la soledad y las crisis familiares.<br/>Solución espiritual: Propone que la verdadera paz se encuentra al restablecer una conexión personal con Jesucristo.<br/>Testimonios: Utiliza historias y experiencias reales para ilustrar cómo la fe puede transformar situaciones desesperadas.
650 ## - SUBJECT ADDED ENTRY--TOPICAL TERM
Source of heading or term Temas principales Sentido de vida
700 ## - ADDED ENTRY--PERSONAL NAME
Personal name Alejandro Bullón
942 ## - ADDED ENTRY ELEMENTS (KOHA)
Source of classification or shelving scheme Dewey Decimal Classification
Koha item type Acceso Libre
Suppress in OPAC No
Existencias
Withdrawn status Lost status Source of classification or shelving scheme Damaged status Not for loan Collection Home library Current library Shelving location Date acquired Inventory number Total checkouts Total renewals Full call number Barcode Date last seen Date last checked out Copy number Koha item type
    Dewey Decimal Classification     Estantería F Fila 2 Biblioteca Stanford Biblioteca Stanford Biblioteca Abierta 12.03.2026 0452 1 1 LECTURA BIBLIO0452 01.04.2026 01.04.2026 1 Acceso Libre
Bienvenido a nuestra Biblioteca